Statistics for Most NFL Career Victories by Quarterback in Regular season

Click here to take the quiz!

General Stats

  • This quiz has been taken 34 times
  • The average score is 9 of 10

Answer Stats

Wins (Years)Answer% Correct
207(2000-present)Tom Brady
100%
141(1998-2016)Peyton Manning
97%
116(2004-present)Eli Manning
97%
160(1992-2007)Brett Favre
91%
148(1984-1998)John Elway
91%
118(2004-present)Phillip Rivers
85%
147(1983-1998)Dan Marino
82%
125(2006-present)Drew Brees
82%
138(2004-present)Brett Roethlisberger
79%
117(1956-72)Johnny Unitas
76%

Score Distribution

Percentile by Number Answered

Percent of People with Each Score

Your Score History

You have not taken this quiz